<?xml version="1.0" encoding="UTF-8"?>
<record
    xmlns:xsi="http://www.w3.org/2001/XMLSchema-instance"
    xsi:schemaLocation="http://www.loc.gov/MARC21/slim http://www.loc.gov/standards/marcxml/schema/MARC21slim.xsd"
    xmlns="http://www.loc.gov/MARC21/slim">

  <leader>02894nam a2200301 i 4500</leader>
  <controlfield tag="003">CSPC</controlfield>
  <controlfield tag="005">20260218104517.0</controlfield>
  <controlfield tag="008">260218s2025    ph a     b    000 0 eng d</controlfield>
  <datafield tag="040" ind1=" " ind2=" ">
    <subfield code="a">CSPC</subfield>
    <subfield code="b">eng</subfield>
    <subfield code="c">CSPC</subfield>
    <subfield code="e">rda</subfield>
  </datafield>
  <datafield tag="090" ind1=" " ind2=" ">
    <subfield code="a">UTH ABELS A446e 2025</subfield>
  </datafield>
  <datafield tag="100" ind1="1" ind2=" ">
    <subfield code="a">Almasco, Erica E.,</subfield>
    <subfield code="e">author.,</subfield>
  </datafield>
  <datafield tag="245" ind1="1" ind2="0">
    <subfield code="a">Exploring the linguistic functions of emojis in gen-z's social media conversation / </subfield>
    <subfield code="c">Erica E. Almasco, Glaidel Marie M. Braga, and Grace Ann R. Iballar,</subfield>
  </datafield>
  <datafield tag="300" ind1=" " ind2=" ">
    <subfield code="a">144 leaves.</subfield>
  </datafield>
  <datafield tag="336" ind1=" " ind2=" ">
    <subfield code="2">rdacontent</subfield>
    <subfield code="a">text</subfield>
  </datafield>
  <datafield tag="337" ind1=" " ind2=" ">
    <subfield code="2">rdamedia</subfield>
    <subfield code="a">unmediated</subfield>
  </datafield>
  <datafield tag="338" ind1=" " ind2=" ">
    <subfield code="2">rdacarrier</subfield>
    <subfield code="a">volume</subfield>
  </datafield>
  <datafield tag="502" ind1=" " ind2=" ">
    <subfield code="a">Undergraduate Theses (ABELS) - English Language Studies.</subfield>
    <subfield code="c">Camarines Sur Polytechnic Colleges, 2025.</subfield>
  </datafield>
  <datafield tag="504" ind1=" " ind2=" ">
    <subfield code="a">Includes bibliographic references.</subfield>
  </datafield>
  <datafield tag="520" ind1="3" ind2=" ">
    <subfield code="a">In a time when technology has defined and dominated society, the way people  communicate and engage has changed beyond traditional text. New tools that go beyond language  and text are presented such as emojis. However, research on the linguistic functions of emojis in  social media conversations are limited. The main objective of this qualitative study was to explore  and analyze the linguistic functions of emojis, specifically its syntactic, semantic and pragmatic  functions in social media conversations among Gen-Z users. Fifty screenshots were gathered from  authentic social media conversations of Gen-Zs that utilized emojis on Messenger and analyzed  through the lens of Moriss&#x2019; Semiotic approach (1938) or known as Charles Morris&#x2019; Triadic System  of Semiotics. The analysis revealed that the emojis carry linguistic functions. Syntactically, Gen Zs often put emojis at the end of the text which serve as a punctuation-like element or sentence final modifiers which reinforce the tone of the message. Semantically, emojis have a distinct  meaning that corresponds to objects, ideas or emotions and can hold cultural or symbolic  significance. Pragmatically, the finding revealed that emojis often  function as performative acts  such as expressing emotions (expressives) The findings suggest that emojis are more than just a  decoration, they are embedded with linguistic functions that transform and deepen the meaning,  structure, and social impact of online communication. Their combined syntactic, semantic, and  pragmatic functions highlight their significance as semiotic components that facilitate more  expressive, dynamic, and socially aware interactions among Gen-Z users in the digital age.  </subfield>
  </datafield>
  <datafield tag="700" ind1="1" ind2=" ">
    <subfield code="a">Braga, Glaidel Marie M.,</subfield>
    <subfield code="e">author.,</subfield>
  </datafield>
  <datafield tag="700" ind1="1" ind2=" ">
    <subfield code="a">Iballar, Grace Ann R.,</subfield>
    <subfield code="e">author.,</subfield>
  </datafield>
  <datafield tag="720" ind1=" " ind2=" ">
    <subfield code="a">Pontillas, Marlon S.,</subfield>
    <subfield code="e">adviser.,</subfield>
  </datafield>
  <datafield tag="720" ind1=" " ind2=" ">
    <subfield code="a">Malaya, Janessa Angustia M.,</subfield>
    <subfield code="e">chair, panelist.,</subfield>
  </datafield>
  <datafield tag="720" ind1=" " ind2=" ">
    <subfield code="a">Fajardo, Dan Fereth B.,</subfield>
    <subfield code="e">panelist.,</subfield>
  </datafield>
  <datafield tag="720" ind1=" " ind2=" ">
    <subfield code="a">Baluyot, Benedict V.,</subfield>
    <subfield code="e">panelist.,</subfield>
  </datafield>
  <datafield tag="942" ind1=" " ind2=" ">
    <subfield code="2">ddc</subfield>
    <subfield code="n">0</subfield>
    <subfield code="c">UM</subfield>
    <subfield code="h">A446e</subfield>
    <subfield code="i">ABELS</subfield>
    <subfield code="k">UTH</subfield>
    <subfield code="m">2025</subfield>
  </datafield>
  <datafield tag="952" ind1=" " ind2=" ">
    <subfield code="0">0</subfield>
    <subfield code="1">0</subfield>
    <subfield code="2">ddc</subfield>
    <subfield code="4">0</subfield>
    <subfield code="7">0</subfield>
    <subfield code="a">CSPC</subfield>
    <subfield code="b">CSPC</subfield>
    <subfield code="c">UTH</subfield>
    <subfield code="d">2026-02-18</subfield>
    <subfield code="l">0</subfield>
    <subfield code="o">UTH ABELS A446e 2025</subfield>
    <subfield code="p">007208UM</subfield>
    <subfield code="r">2026-02-18 10:45:46</subfield>
    <subfield code="t">1-1</subfield>
    <subfield code="w">2026-02-18</subfield>
    <subfield code="y">UM</subfield>
  </datafield>
  <datafield tag="999" ind1=" " ind2=" ">
    <subfield code="c">31829</subfield>
    <subfield code="d">31829</subfield>
  </datafield>
</record>
